Obálka Náhled e-knihy:
PDF Epub
Pro půjčování e-knih musíte být přihlášeni.
Jak si půjčit online?

Bratři Steelové. Zhroucení /

Další díl z psychologicko-erotické série o osudech bratrů Steelových. Pokračuje příběhem Ryana Steela, který je v coloradském Snow Creeku známý jako ten nejhezčí ze tří.

Uloženo v:
Série:Bratři Steelové, část 7
Hlavní autor: Hardt, Helen, 1964- (Autor)
Další autoři: Balzano, Martina, 1985- (Autor)
Médium: E-kniha
Jazyk:Czech
Vydáno: Praha : Dobrovský s.r.o., 2025
Edice:Red
Témata:
Příbuzné jednotky:Z cyklu:: Bratři Steelové
Tagy:
Žádné tagy
LEADER 02512nam a2200505 i 4500
001 312669
003 CZ PrSKC
005 20260601215726.0
007 ta
008 250307s2025 xr e 000 f cze
015 |a cnb003676135 
020 |a 9788027741366  |q (vázáno) :  |c Kč 399,00 
035 |a (OCoLC)1519102629 
040 |a ABG001  |b cze  |d OLA001  |e rda 
041 1 |a cze  |h eng 
072 7 |a 821.111(73)-3  |x Americká próza  |2 Konspekt 
080 |a 821.111(73)-31  |2 MRF 
080 |a (0:82-312.5)  |2 MRF 
080 |a (0:82-993)  |2 MRF 
100 1 |a Hardt, Helen,  |d 1964-  |7 xx0257191  |4 aut 
240 1 0 |a Shattered.  |l Česky 
245 1 0 |a Bratři Steelové.  |p Zhroucení /  |c Helen Hardt ; přeložila Martina Balzano 
246 3 0 |a Zhroucení 
264 1 |a Praha :  |b Dobrovský s.r.o.,  |c 2025 
300 |a 264 stran ;  |c 21 cm 
336 |a text  |b txt  |2 rdacontent 
337 |a bez média  |b n  |2 rdamedia 
338 |a svazek  |b nc  |2 rdacarrier 
490 1 |a Red 
500 |a Přeloženo z angličtiny 
520 2 |a Další díl z psychologicko-erotické série o osudech bratrů Steelových. Pokračuje příběhem Ryana Steela, který je v coloradském Snow Creeku známý jako ten nejhezčí ze tří.  |b Samotářská detektivka Ruby Leeová žije od svých patnácti let sama. Když se její minulost protne s tajemstvím rodiny Steelových, je odhodlaná zjistit pravdu. Má své vlastní problémy a nehledá vztah, ale k Ryanovi Steelovi ji táhne neodolatelná síla. Ten nádherný tmavovlasý muž se jí i přesto dostane pod kůži... a potřebuje ji, stejně jako ona jeho. Nakladatelská anotace. Kráceno. 
655 7 |a americké romány  |7 fd131796  |2 czenas 
655 7 |a milostné romány  |7 fd132840  |2 czenas 
655 7 |a erotické romány  |7 fd132211  |2 czenas 
655 9 |a American fiction  |2 eczenas 
655 9 |a love novels  |2 eczenas 
655 9 |a erotic novels  |2 eczenas 
700 1 |a Balzano, Martina,  |d 1985-  |7 xx0318418  |4 trl 
787 0 8 |i Z cyklu:  |t Bratři Steelové  |g 7 
830 0 |a Red 
900 |a ABA001  |b 21 
044 |a xr 
910 |a RBIT002 
998 |d 417769  |a https://core.palmknihy.cz/api/books/417769/cover?ssyira  |b https://core.palmknihy.cz/api/books/417769/cover/400?ssyira  |c https://core.palmknihy.cz/api/books/417769/cover/50?ssyira  |e   |g 272  |i 9788027741366  |j https://core.palmknihy.cz/api/books/417769/preview.epub  |k https://core.palmknihy.cz/api/books/417769/preview.pdf  |l   |q 49  |r 1  |s https://www.palmknihy.cz/kniha/417769  |t ebook  |y 2025  |z 0  |v Bratři Steelové  |w 7 
999 |d 312667